Rozpoznaj niemieckie miasta po zdjęciach - Statystyki

Ogólne statystyki
  • Ten quiz został rozwiązany 19 razy
  • Średni wynik to 5 z 40
Statystyki odpowiedzi
Obrazkowy Odpowiedź % Poprawnych
Kolonia
93%
Berlin
67%
Frankfurt nad Menem
40%
Monachium
27%
Drezno
20%
Dusseldorf
20%
Hanower
20%
Poczdam
20%
Trewir
20%
Ulm
20%
Hamburg
13%
Landshut
13%
Lipsk
13%
Moguncja
13%
Akwizgran
7%
Augsburg
7%
Brema
7%
Dortmund
7%
Fryburg Bryzgowizjski
7%
Lubeka
7%
Norymberga
7%
Stuttgart
7%
Baden-Baden
0%
Bielefeld
0%
Brunszwik
0%
Erfurt
0%
Friedrichshafen
0%
Heidelberg
0%
Jena
0%
Kassel
0%
Koblencja
0%
Magdeburg
0%
Merseburg
0%
Munster
0%
Paderborn
0%
Ratyzbona
0%
Saarbrucken
0%
Schwerin
0%
Wismar
0%
Wurzburg
0%
Nie znaleziono quizów pasujących do podanych kryteriów
Rozkład punktacji
Procent ludzi z każdym wynikiem
Percentyl według liczby udzielonych odpowiedzi
Twoja historia wyników
Nie rozwiązałeś tego quizu